000 01746cam a22003375a 4500
001 18986752
005 20161016150849.0
008 111005s2012 enk frb 001 0 eng d
010 _a 2011041703
020 _a9780415579605 (hbk)
040 _aDLC
_beng
_cDLC
_dDLC
_dEG-ScBUE
082 0 4 _a341.486
_bSMI
_222
100 1 _aSmit, Anneke.
245 1 4 _aThe property rights of refugees and internally displaced persons :
_bbeyond restitution /
_cAnneke Smit.
260 _aAbingdon ;
_aNew York :
_bRoutledge / Taylor & Francis Group,
_c2012.
300 _axii, 257 p. ;
_c25 cm.
500 _a"A GlassHouse Book."
500 _aIndex : p. 251-257.
504 _aBibliography : p. 211-249.
505 0 _aThe development of the right to return to one's home of origin -- Modern experiences with post-conflict restitution and return -- Restitution and return "home" -- Local integration and the regularization of collective centre space -- Compensation and regularizing secondary occupation.
520 _aIntends to pursue an examination of the various ways in which the protection of housing and property rights can contribute to durable solutions to displacement. This book chronicles the failure of the international community's attempts to promote widespread return through establishing housing and property restitution mechanisms.
650 7 _aRefugees
_xLegal status, laws, etc.
_xHistory
_2BUEsh
_934342
_y20th century.
650 0 _aInternally displaced persons
_xLegal status, laws, etc.
_2BUEsh
650 0 _aRestitution.
_2BUEsh
650 0 _aRepatriation.
_2BUEsh
650 0 _aRight of property.
_2BUEsh
650 0 _aRefugees
_xHousing.
_2BUEsh
651 _2BUEsh
653 _bBUSBOL
_bLLAAWW
_cOctober2016
942 _2ddc
999 _c22617
_d22589